| 000 | 01320cam a2200349 i 4500 | ||
|---|---|---|---|
| 001 | 26522 | ||
| 003 | Mx-PuUPA | ||
| 005 | 20231130194818.0 | ||
| 008 | 140415s1979 mx gr 000 0 spa d | ||
| 020 |
_a9688090565 _qedición completa |
||
| 040 |
_aMx-PuUPA _bspa _cMx-PuUPA _dMx-PuUPA _erda |
||
| 041 | 0 | _aspa | |
| 100 | 1 |
_aSolórzano Pereira, Juan de, _d1575-1655 _95741 _eautor |
|
| 245 | 1 | 0 |
_aPolítica indiana / _cpor Juan de Solórzano y Pereyra |
| 250 | _aEdición facsimilar | ||
| 264 | 1 |
_aMéxico, D. F. : _bSecretaría de Programación y Presupuesto, _c1979 |
|
| 300 |
_a2 tomos, (paginación varía) ; _c37 cm |
||
| 336 |
_2rdacontent _atexto _btxt |
||
| 337 |
_2rdamedia _asin medio _bn |
||
| 338 |
_2rdacarrier _avolumen _bnc |
||
| 500 | _a"Edición facsimilar tomada de la de 1776 (Madrid)". Portada | ||
| 650 | 7 |
_2armarc _aIndios de América _xEstatutos legales, leyes, etc. |
|
| 650 | 7 |
_2armarc _aDerecho _zEspaña _xColonias |
|
| 650 | 7 |
_2armarc _aIndios _zAmérica Latina |
|
| 651 | 4 |
_aAmérica Latina _xHistoria |
|
| 651 | 4 |
_aEspaña _xColonias _xAdministración |
|
| 651 | 4 |
_aAmérica Latina _xPolítica y gobierno |
|
| 942 |
_2ddc _cLI _h980.01 _iS684 |
||
| 999 |
_c26522 _d26522 |
||